Statistics for Land i Europa

Click here to take the quiz!

General Stats

  • This quiz has been taken 731 times
    (640 since last reset)
  • The average score is 35 of 45

Answer Stats

Land% Correct
Norge
96%
Sverige
92%
Danmark
89%
Island
87%
Russland
87%
Spania
87%
Tyskland
87%
Finland
86%
Belgia
83%
Frankrike
83%
Latvia
83%
Portugal
83%
Albania
82%
Nederland
82%
Polen
82%
Estland
81%
Irland
81%
Litauen
81%
Italia
80%
Slovakia
80%
Slovenia
80%
Andorra
78%
Bulgaria
77%
Luxembourg
77%
Serbia
77%
Sveits
77%
Hellas
76%
Hviterussland
76%
Ukraina
76%
Kroatia
75%
Bosnia-Hercegovina
74%
Østerrike
73%
Romania
73%
Vatikanstaten
73%
Monaco
71%
Storbritannia
71%
Ungarn
70%
Malta
69%
San Marino
68%
Kosovo
67%
Liechtenstein
67%
Moldova
67%
Tsjekkia
67%
Montenegro
66%
Makedonia
64%

Score Distribution

Percentile by Number Answered

Percent of People with Each Score

Your Score History

You have not taken this quiz since the last reset